000 01004nam a22002777a 4500
001 BR7705925
003 BR-BrBNA
005 20230928085516.0
007 ta
008 230509b bl.||||| |||| 00| 0 por d
040 _aBR-BrBNA
_bpor
_cBiblioteca Nacional de Agricultura
041 _a(Por)
072 _aL10
_b5300
_b/G514
090 _ 5300 BR7705925
110 1 _aCentro Nacional de Pesquisa de Suinos, Concordia, SC (Brasil)
_91808
111 1 _a1. Simposio Nacional de Melhoramento Genetico de Suinos
_cConcordia, SC (Brazil)
_d25-26 Oct 1977
245 1 _aAnais do 1. Simposio de melhoramento genetico de suinos [Santa Catarina, Brasil]
260 3 _aConcordia, SC (Brasil):
_c1977.
300 _a104 p.
500 _a53 tables. (*) Documento disponível na(o) Instituto de Planejamento e Economia Agricola de Santa Catarina, Florianopolis (Brazil)
650 _aGENETICA ANIMAL
650 _aSUINO
650 _aSANTA CATARINA
909 _a202309
_bLucia
_c55
_dLucia Elande
942 _cBK
999 _c24821
_d24821